000 00581cam a22002291 4500
001 sa 68016926
003 DLC
005 20260227112658.0
008 940920s1966 ii 000 0 pano
010 _asa 68016926
025 _aPL480:I-Pu-1332
035 _a(OCoLC)31145515
040 _aDLC
_cCU
_dCU
_dDLC
042 _apremarc
050 0 0 _aBL2017.9.T4
_bS45
100 1 _aSingh, Jogindar.
245 1 0 _aJīwana Srī Gurū Tegha Bahādara jī.
260 _c[1966]
300 _a116 p.
_c19 cm.
500 _aIn Panjabi.
600 0 0 _aTegh Bahadur,
_cGuru,
_d1621-1675.
999 _c87402
_d87402